000 00824nam a22002897a 4500
001 BR0404955
003 BR-BrBNA
005 20230928101738.0
007 ta
008 230509b bl.||||| |||| 00| 0 por d
040 _aBR-BrBNA
_bpor
_cBiblioteca Nacional de Agricultura
041 _a(Por)
072 _aE40; C10
090 _ E40 BR0404955
110 1 _aServiço Nacional de Aprendizagem do Cooperativismo, Brasília, DF (Brasil)
_99445
245 1 _aCooperativismo: primeiras lições
260 3 _aBrasília, DF (Brasil):
_c2003.
300 _a109 p.
500 _a31 ref.; 60 illus.
650 _aCOOPERATIVA
650 _aCOOPERATIVISMO
650 _aDESENVOLVIMENTO COOPERATIVISTA
650 _aEDUCAÇÃO COOPERATIVA
650 _aESTATUTO
909 _a202309
_bLucia
_c55
_dLucia Elande
942 _cBK
999 _c67368
_d67368